Faculty of Law Library — Cairo University

Official Online Catalog

Code Of Criminal Procedure Of The Egyptian Native Tribunals And Law Constituting Courts Of Assize/ (Record no. 74665)

MARC details
000 -LEADER
fixed length control field 01069nam a2200289 i 4500
003 - CONTROL NUMBER IDENTIFIER
control field EG-GICUC
005 - DATE AND TIME OF LATEST TRANSACTION
control field 20260501201124.0
008 - FIXED-LENGTH DATA ELEMENTS--GENERAL INFORMATION
fixed length control field 260501s1920 ua ||||fr|||| 00| 0 eng d
040 ## - CATALOGING SOURCE
Original cataloging agency EG-GiCUC
Language of cataloging eng
Transcribing agency EG-GiCUC
Modifying agency EG-GiCUC
Description conventions Rda
082 04 - DEWEY DECIMAL CLASSIFICATION NUMBER
Edition number 21
Classification number 343.37
Item number MI . C
092 04 - LOCALLY ASSIGNED DEWEY CALL NUMBER (OCLC)
Edition number 21
099 ## - LOCAL FREE-TEXT CALL NUMBER (OCLC)
Classification number Law1 10 343.37 MI . C 1920
110 ## - MAIN ENTRY--CORPORATE NAME
Corporate name or jurisdiction name as entry element Ministry Of Justice, Egypt
Relator term Author.
245 ## - TITLE STATEMENT
Title Code Of Criminal Procedure Of The Egyptian Native Tribunals And Law Constituting Courts Of Assize/
Statement of responsibility, etc. Ministry Of Justice, Egypt.
246 1# - VARYING FORM OF TITLE
Title proper/short title Code D'instruction Criminelle Des Tribunaux Indigènes Et Institution Des Cours D'assises.
264 #1 - PRODUCTION, PUBLICATION, DISTRIBUTION, MANUFACTURE, AND COPYRIGHT NOTICE
Place of production, publication, distribution, manufacture Cario:
Name of producer, publisher, distributor, manufacturer Government Press,
Date of production, publication, distribution, manufacture, or copyright notice 1920.
300 ## - PHYSICAL DESCRIPTION
Extent 86 page ;
Dimensions 24 cm.
336 ## - CONTENT TYPE
Source rda contenu
Content type term texte
337 ## - MEDIA TYPE
Source rda medias
Media type term Ordinateur
338 ## - CARRIER TYPE
Source transporteur rda
Carrier type term Ressource en ligne
546 ## - LANGUAGE NOTE
Language note Text in English with some passages in French
650 1# - SUBJECT ADDED ENTRY--TOPICAL TERM
Topical term or geographic name entry element Criminal Law
650 1# - SUBJECT ADDED ENTRY--TOPICAL TERM
Topical term or geographic name entry element Criminal Trial
856 40 - ELECTRONIC LOCATION AND ACCESS
Uniform Resource Identifier <a href="https://fll.law.cu.edu.eg/fulltext/bks/B10-11285.pdf">https://fll.law.cu.edu.eg/fulltext/bks/B10-11285.pdf</a>
905 ## - Cataloger and Reviser Names
Cataloger Name: Logain Ashraf
942 ## - ADDED ENTRY ELEMENTS (KOHA)
Source of classification or shelving scheme Dewey Decimal Classification
Suppress in OPAC No
Koha item type Books
Edition 21
Holdings
Withdrawn status Lost status Source of classification or shelving scheme Damaged status Not for loan Collection Home library Current library Date acquired Total checkouts Full call number Barcode Date last seen Copy number Price effective from Koha item type
    Dewey Decimal Classification   Not for loan القانون الجنائي جــــامعة القــاهرة مكتبة كلية الحقوق - المبنى الرئيسي 01.05.2026   Law1 10 343.37 MI . C 1920 1011285 C1 B10-11285 01.05.2026 1 01.05.2026 Books
    Dewey Decimal Classification     القانون الجنائي جــــامعة القــاهرة مكتبة كلية الحقوق - المبنى الرئيسي 01.05.2026   Law1 10 343.37 MI . C 1920 1011286 C2 B10-11286 01.05.2026 2 01.05.2026 Books

© All rights reserved — Faculty of Law, Cairo University